000 00975cab a2200265 4500
001 ABS59846
008 090401t1998 xxu||||| |||| 00| 0 eng d
035 _a(Sirsi) u90204
041 _aeng
100 _aButler, R.
245 _aResolving property disputes
260 _c1998
350 _a0
490 _aRent Review & Lease Renewal
_v18(4) 1998, 354-338(15)
520 _aReviews different dispute resolution options. Encourages property professionals responsible for managing disputes to widen the range of procedures they consider, to identify the best option. Looks at arbitration, litigation, ADR and the PACT scheme. Includes tables on costs and case studies.
650 _aALTERNATIVE DISPUTE RESOLUTION
650 _aCOSTS
650 _aDISPUTE RESOLUTION
_96236
650 _aPACT
650 _aPROCEDURES
650 _aPROPERTY DISPUTES
690 _aMANAGEMENT-BUSINESS MANAGEMENT-PROFESSIONAL PRACTICE
942 _n0
948 _c09/12/1998
999 _c57154
_d57154